[Event "CYCC U18"]
[Site "Windsor CAN"]
[Date "2016.07.05"]
[Round "1.1"]
[White "Chiku-Ratte, Olivier-Kenta"]
[Black "Tao, Rachel"]
[Result "1-0"]
[WhiteElo "2459"]
[BlackElo "1744"]
[PlyCount "93"]
[EventDate "2016.07.05"]
[EventType "swiss"]
[EventRounds "7"]
[EventCountry "CAN"]

1. d4 Nf6 2. c4 g6 3. Nc3 d5 4. cxd5 Nxd5 5. e4 Nxc3 6. bxc3 Bg7 7. Nf3 O-O 8.
Be2 c5 9. Rb1 Nc6 10. d5 Ne5 11. Nxe5 Bxe5 12. Qd2 Qc7 13. f4 Bg7 14. O-O b6
15. c4 Rd8 16. Bb2 Bd7 17. Bxg7 Kxg7 18. Qc3+ Kg8 19. g4 Rdc8 20. e5 Qd8 21. f5
Qf8 22. e6 Be8 23. Bf3 Rab8 24. Qe3 f6 25. Rbe1 Rd8 26. Be4 g5 27. h4 gxh4 28.
Kh2 Qg7 29. Kh3 h6 30. Kxh4 Qg5+ 31. Kg3 Qxe3+ 32. Rxe3 b5 33. Ra3 a6 34. Rxa6
Ra8 35. cxb5 Bxb5 36. Rxa8 Rxa8 37. Rb1 Ra5 38. Kf4 c4 39. a4 Bxa4 40. Ra1 Ra6
41. d6 exd6 42. e7 Kf7 43. Rxa4 Rxa4 44. e8=Q+ Kxe8 45. Bc6+ Ke7 46. Bxa4 d5
47. Ke3 1-0

[Event "CYCC U18"]
[Site "Windsor CAN"]
[Date "2016.07.06"]
[Round "2.1"]
[White "Nasir, Zehn"]
[Black "Chiku-Ratte, Olivier-Kenta"]
[Result "1/2-1/2"]
[WhiteElo "2077"]
[BlackElo "2459"]
[PlyCount "127"]
[EventDate "2016.07.05"]
[EventType "swiss"]
[EventRounds "7"]
[EventCountry "CAN"]

1. e4 c5 2. Nf3 d6 3. d4 cxd4 4. Nxd4 Nf6 5. Nc3 g6 6. Be3 Bg7 7. f3 Nc6 8. Qd2
O-O 9. O-O-O d5 10. Qe1 e5 11. Nxc6 bxc6 12. exd5 Nxd5 13. Bc4 Be6 14. Ne4 Qc7
15. Bc5 Rfd8 16. Qh4 h6 17. g4 Rab8 18. Bb3 Qa5 19. Ba3 Nf4 20. Rxd8+ Rxd8 21.
Bb4 Qb6 22. Bc5 Qa5 23. Bb4 Qc7 24. Qf2 Bxb3 25. axb3 Rd5 26. Nc3 Rd4 27. Bc5
Qa5 28. Bxd4 exd4 29. Na4 Qd5 30. Rd1 Qb5 31. Kb1 Nd5 32. Qf1 Ne3 33. Qe1 Be5
34. Rd3 c5 35. Rxe3 dxe3 36. Qxe3 Qf1+ 37. Ka2 Bd4 38. Qe8+ Kg7 39. Nxc5 Qxf3
40. Ne6+ fxe6 41. Qd7+ Kf6 42. Qxd4+ Kg5 43. Qe5+ Kxg4 44. Qxe6+ Qf5 45. Qe3 g5
46. c4 Qa5+ 47. Kb1 Qc7 48. Qe6+ Kh5 49. Qh3+ Kg6 50. Qe6+ Kh5 51. Qh3+ Kg6 52.
Kc2 Qe5 53. Qd3+ Kh5 54. Qh3+ Kg6 55. Qd3+ Kh5 56. Qh3+ Kg6 57. Qg3 Qc5 58.
Qd3+ Kf6 59. Qf3+ Ke5 60. Qg3+ Ke4 61. Qg4+ Ke5 62. Qg3+ Ke4 63. Qg4+ Ke5 64.
Qg3+ 1/2-1/2

[Event "CYCC U18"]
[Site "Windsor CAN"]
[Date "2016.07.06"]
[Round "3.2"]
[White "Chiku-Ratte, Olivier-Kenta"]
[Black "Shi, Diwen"]
[Result "1-0"]
[WhiteElo "2461"]
[BlackElo "2220"]
[PlyCount "67"]
[EventDate "2016.07.05"]
[EventType "swiss"]
[EventRounds "7"]
[EventCountry "CAN"]

1. d4 Nf6 2. c4 e6 3. Nc3 Bb4 4. f3 d5 5. a3 Bxc3+ 6. bxc3 c5 7. cxd5 Nxd5 8.
dxc5 f5 9. Nh3 O-O 10. Nf4 Na6 11. Qd4 Qe7 12. Nxd5 exd5 13. Bf4 Nxc5 14. Rb1
Ne6 15. Qxd5 Qxa3 16. Be5 Rd8 17. Qc4 a6 18. Rb6 Kf7 19. Bc7 Qc1+ 20. Kf2 f4
21. g3 Qe3+ 22. Kg2 Rd2 23. Bxf4 Rxe2+ 24. Bxe2 Qxb6 25. Rd1 Qc6 26. Qb3 a5 27.
Bc4 a4 28. Qb4 b5 29. Bd5 Qd7 30. Bd6 Bb7 31. Qf4+ Kg8 32. Ba2 Kh8 33. Qf5 Re8
34. Qh5 1-0

[Event "CYCC U18"]
[Site "Windsor CAN"]
[Date "2016.07.07"]
[Round "4.1"]
[White "Wang, Richard"]
[Black "Chiku-Ratte, Olivier-Kenta"]
[Result "0-1"]
[WhiteElo "2411"]
[BlackElo "2461"]
[PlyCount "88"]
[EventDate "2016.07.05"]
[EventType "swiss"]
[EventRounds "7"]
[EventCountry "CAN"]

1. d4 Nf6 2. c4 c5 3. d5 e6 4. Nc3 exd5 5. cxd5 d6 6. e4 g6 7. h3 Bg7 8. Nf3 a6
9. a4 Nbd7 10. Bd3 Nh5 11. Bg5 Bf6 12. Be3 Ne5 13. Be2 Nxf3+ 14. Bxf3 Ng7 15.
Qd2 O-O 16. O-O Be5 17. Bf4 Qe7 18. Rfe1 b6 19. Bd1 Re8 20. Bc2 Bxf4 21. Qxf4
Nh5 22. Qe3 Qe5 23. Bd1 Nf4 24. Bg4 Bxg4 25. hxg4 c4 26. g3 Nd3 27. f4 Qe7 28.
Re2 Rab8 29. Qd4 Qc7 30. Kg2 b5 31. axb5 axb5 32. Ra6 Qc8 33. Ra7 b4 34. Qf6
Rf8 35. Nd1 Qxg4 36. Rd2 Rbe8 37. Rxd3 Qe2+ 38. Nf2 cxd3 39. Qd4 b3 40. Ra1 Ra8
41. Rd1 Ra2 42. Rxd3 Rxb2 43. e5 Rb8 44. exd6 Qxf2+ 0-1

[Event "CYCC U18"]
[Site "Windsor CAN"]
[Date "2016.07.07"]
[Round "5.1"]
[White "Chiku-Ratte, Olivier-Kenta"]
[Black "Song, Michael"]
[Result "0-1"]
[WhiteElo "2461"]
[BlackElo "2470"]
[PlyCount "88"]
[EventDate "2016.07.05"]
[EventType "swiss"]
[EventRounds "7"]
[EventCountry "CAN"]

1. d4 d6 2. Nf3 Bg4 3. e4 Nf6 4. Nc3 e6 5. h3 Bh5 6. d5 e5 7. Bd3 Be7 8. Be3 c6
9. Be2 O-O 10. O-O Nbd7 11. Nd2 Bg6 12. Nc4 Qc7 13. dxc6 bxc6 14. Bg5 Rad8 15.
Bf3 Nc5 16. Qe2 Ne6 17. Bxf6 Bxf6 18. Ne3 Nd4 19. Qd1 Bg5 20. Re1 d5 21. h4
dxe4 22. Bxe4 Bxh4 23. Qg4 Bxf2+ 24. Kxf2 f5 25. Nxf5 Nxf5 26. Kg1 Qb6+ 27. Kh2
Qxb2 28. Na4 Qa3 29. c3 Kh8 30. Bf3 e4 31. Qxe4 Nd4 32. Qh4 Qd6+ 33. Kg1 Nxf3+
34. gxf3 Rf4 35. Qg5 h6 36. Qa5 Rxf3 37. Qe5 Qd7 38. Qe6 Qd2 39. Re2 Qg5+ 40.
Rg2 Rg3 41. Qe2 Be4 42. Qxe4 Rd2 43. Qe8+ Kh7 44. Qe4+ g6 0-1

[Event "CYCC U18"]
[Site "Windsor CAN"]
[Date "2016.07.08"]
[Round "6.2"]
[White "Li, Yinshi"]
[Black "Chiku-Ratte, Olivier-Kenta"]
[Result "0-1"]
[WhiteElo "2216"]
[BlackElo "2461"]
[PlyCount "102"]
[EventDate "2016.07.05"]
[EventType "swiss"]
[EventRounds "7"]
[EventCountry "CAN"]

1. Nf3 c5 2. c4 Nf6 3. Nc3 e6 4. g3 b6 5. Bg2 Bb7 6. O-O Be7 7. d4 Ne4 8. d5
Nxc3 9. bxc3 Bf6 10. Qd3 exd5 11. cxd5 d6 12. Rb1 O-O 13. c4 Re8 14. Re1 Nd7
15. e4 Qe7 16. Bb2 Ba6 17. Nd2 Bxb2 18. Rxb2 Qf6 19. Rc2 g5 20. Rf1 Ne5 21. Qa3
Bc8 22. Qc3 g4 23. f4 gxf3 24. Nxf3 Nxf3+ 25. Qxf3 Qxf3 26. Rxf3 Rxe4 27. Rf6
Re1+ 28. Kf2 Rd1 29. Bf1 Kg7 30. Rxd6 Bf5 31. Re2 Ra1 32. Rd2 Re8 33. Rc6 Ree1
34. Bg2 Rec1 35. d6 Rxc4 36. Rc7 Rc2 37. Rxc2 Bxc2 38. Bd5 Rd1 39. Bxf7 Rxd6
40. Bb3+ Kh6 41. Bxc2 Rd2+ 42. Kg1 Rxc2 43. Rxa7 b5 44. Rb7 b4 45. Rb5 Rxa2 46.
g4 c4 47. Rxb4 c3 48. h4 c2 49. Rb6+ Kg7 50. Rb7+ Kf8 51. Rb8+ Ke7 0-1

[Event "CYCC U18"]
[Site "Windsor CAN"]
[Date "2016.07.08"]
[Round "7.2"]
[White "Chiku-Ratte, Olivier-Kenta"]
[Black "Doknjas, John"]
[Result "1-0"]
[WhiteElo "2461"]
[BlackElo "2239"]
[PlyCount "77"]
[EventDate "2016.07.05"]
[EventType "swiss"]
[EventRounds "7"]
[EventCountry "CAN"]

1. d4 Nf6 2. c4 c5 3. d5 e6 4. Nc3 exd5 5. cxd5 d6 6. e4 g6 7. f4 Bg7 8. Nf3
O-O 9. Be2 Bg4 10. O-O Nbd7 11. h3 Bxf3 12. Bxf3 Re8 13. g4 h6 14. Qc2 Qa5 15.
e5 dxe5 16. g5 Nh7 17. f5 hxg5 18. fxg6 fxg6 19. Be4 Rf8 20. Be3 Rxf1+ 21. Rxf1
Rf8 22. Rd1 Rd8 23. Bxg6 Ndf8 24. Bf5 Qc7 25. Bg4 b6 26. Ne4 Qf7 27. Qd3 Kh8
28. d6 c4 29. Qe2 b5 30. Rf1 Qg6 31. Bxa7 Nf6 32. Bb6 Nxe4 33. Bxd8 Ng3 34.
Rxf8+ Bxf8 35. Qxe5+ Kh7 36. Qxg3 Bxd6 37. Qf3 Bc5+ 38. Kg2 Qc2+ 39. Qe2 1-0

[Event "Choc des generations"]
[Site "Montreal CAN"]
[Date "2016.06.24"]
[Round "1.3"]
[White "Chiku-Ratte, Olivier-Kenta"]
[Black "Bolduc, Steve"]
[Result "1-0"]
[WhiteElo "2369"]
[BlackElo "2208"]
[PlyCount "67"]
[EventDate "2016.06.24"]
[EventType "schev"]
[EventRounds "5"]
[EventCountry "CAN"]

1. d4 Nf6 2. c4 e6 3. Nc3 Bb4 4. f3 d5 5. a3 Bxc3+ 6. bxc3 c5 7. cxd5 Nxd5 8.
dxc5 Qa5 9. e4 Ne7 10. Be3 O-O 11. Qb3 Qc7 12. Bb5 Nec6 13. Ne2 e5 14. O-O Be6
15. Qa4 Na5 16. Nd4 exd4 17. cxd4 a6 18. Be2 Bd7 19. Qb4 Nbc6 20. Qc3 Na7 21.
Bd2 N5c6 22. d5 Nb8 23. a4 Rc8 24. Be3 Be8 25. Rfc1 Nd7 26. Qd2 Ne5 27. f4 Ng6
28. g3 Rd8 29. Qb2 Rab8 30. Bc4 Qe7 31. e5 Rdc8 32. Qb6 Ra8 33. Qb3 h5 34. d6
1-0

[Event "Choc des generations"]
[Site "Montreal CAN"]
[Date "2016.06.25"]
[Round "2.3"]
[White "Tremblay, Rejean"]
[Black "Chiku-Ratte, Olivier-Kenta"]
[Result "1/2-1/2"]
[WhiteElo "2189"]
[BlackElo "2369"]
[PlyCount "109"]
[EventDate "2016.06.24"]
[EventType "schev"]
[EventRounds "5"]
[EventCountry "CAN"]

1. e4 c5 2. Nf3 e6 3. g3 b6 4. Bg2 Bb7 5. Qe2 d6 6. d4 cxd4 7. Nxd4 Nf6 8. O-O
Nbd7 9. Rd1 Qb8 10. g4 h6 11. a4 a6 12. Ra3 Be7 13. Rh3 O-O 14. g5 hxg5 15.
Bxg5 Re8 16. f4 g6 17. Qf2 Bf8 18. f5 Bg7 19. fxg6 fxg6 20. Nc3 Qc7 21. Rf1 Qc5
22. Be3 Qe5 23. Nf3 Qa5 24. Qg3 Nf8 25. e5 dxe5 26. Nxe5 Bxg2 27. Kxg2 Nd5 28.
Qf2 Nf6 29. Nc4 Qb4 30. Nxb6 Rad8 31. Kg1 N8h7 32. Bc5 Qg4+ 33. Rg3 Qh5 34. b4
Kh8 35. Qf3 Qh4 36. Rh3 Qg5+ 37. Kh1 e5 38. Be3 Qg4 39. Qxg4 Nxg4 40. Ne4 Kg8
41. Bc5 Nhf6 42. Nxf6+ Nxf6 43. Nc4 Re6 44. Rd3 Rxd3 45. cxd3 e4 46. Re1 Nd5
47. Rxe4 Rxe4 48. dxe4 Nc3 49. e5 Nxa4 50. e6 Nc3 51. e7 Kf7 52. Nd6+ Kxe7 53.
Nf5+ Kf7 54. Nxg7 Nb5 55. Kg2 1/2-1/2

[Event "Choc des generations"]
[Site "Montreal CAN"]
[Date "2016.06.25"]
[Round "3.3"]
[White "Duong, Thanh Nha"]
[Black "Chiku-Ratte, Olivier-Kenta"]
[Result "0-1"]
[WhiteElo "2220"]
[BlackElo "2369"]
[PlyCount "96"]
[EventDate "2016.06.24"]
[EventType "schev"]
[EventRounds "5"]
[EventCountry "CAN"]

1. c4 Nf6 2. Nc3 c5 3. Nf3 e6 4. g3 b6 5. Bg2 Bb7 6. O-O Be7 7. d4 Ne4 8. Qc2
Nxc3 9. Qxc3 Bf6 10. Qd3 Nc6 11. e3 d6 12. b3 O-O 13. Bb2 Qc7 14. Rad1 Rfd8 15.
Qb1 Qe7 16. Rfe1 Rac8 17. d5 exd5 18. cxd5 Nb8 19. Qa1 Nd7 20. Bxf6 Nxf6 21. e4
Qc7 22. Nh4 Rb8 23. f4 b5 24. Nf5 h5 25. h3 Bc8 26. Nxd6 Qxd6 27. e5 Qb6 28.
exf6 c4+ 29. Kh2 Qxf6 30. Qxf6 gxf6 31. Re7 Bf5 32. Rc7 Bd3 33. Re1 Rbc8 34.
Rxc8 Rxc8 35. bxc4 bxc4 36. Kg1 c3 37. Kf2 c2 38. Rc1 Rc3 39. Bf3 Kf8 40. Bxh5
Ra3 41. Be2 Be4 42. d6 a5 43. h4 Ke8 44. Bb5+ Kd8 45. Re1 Rxa2 46. Ke3 Rb2 47.
Bd3 Bxd3 48. Kxd3 Rb1 0-1

[Event "Choc des generations"]
[Site "Montreal CAN"]
[Date "2016.06.26"]
[Round "4.3"]
[White "Chiku-Ratte, Olivier-Kenta"]
[Black "Fillion, Steve"]
[Result "1-0"]
[WhiteElo "2369"]
[BlackElo "2154"]
[PlyCount "41"]
[EventDate "2016.06.24"]
[EventType "schev"]
[EventRounds "5"]
[EventCountry "CAN"]

1. d4 d5 2. c4 c6 3. Nf3 Nf6 4. Nc3 dxc4 5. a4 Bf5 6. Ne5 Nbd7 7. Nxc4 Qc7 8.
g3 e5 9. dxe5 Nxe5 10. Bf4 Rd8 11. Qb3 Be6 12. Bxe5 Qxe5 13. Qxb7 Qc5 14. Ne3
Bd6 15. Bg2 O-O 16. Qxc6 Qb4 17. O-O Qxb2 18. Rfb1 Qd2 19. Rd1 Qb2 20. Rab1 Qa3
21. Nb5 1-0

[Event "Choc des generations"]
[Site "Montreal CAN"]
[Date "2016.06.26"]
[Round "5.3"]
[White "Chiku-Ratte, Olivier-Kenta"]
[Black "Voskanyan, Vahagn"]
[Result "1-0"]
[WhiteElo "2369"]
[BlackElo "2210"]
[PlyCount "111"]
[EventDate "2016.06.24"]
[EventType "schev"]
[EventRounds "5"]
[EventCountry "CAN"]

1. d4 Nf6 2. c4 e6 3. Nc3 Bb4 4. f3 d5 5. a3 Bxc3+ 6. bxc3 h6 7. e3 b6 8. Bd3
Bb7 9. cxd5 exd5 10. Ne2 O-O 11. O-O Re8 12. Ng3 c5 13. Nf5 Nc6 14. Qe1 Ne7 15.
g4 Nxf5 16. gxf5 Rc8 17. Bd2 Rc7 18. Kh1 Rce7 19. Rg1 Kh7 20. Qh4 Qd6 21. Rg3
Rg8 22. Rag1 Ree8 23. Rh3 Qf8 24. Qf4 Kh8 25. Be1 Qe7 26. Bf2 Nh7 27. Rh4 f6
28. e4 dxe4 29. fxe4 cxd4 30. Bxd4 Qxa3 31. h3 Rd8 32. Bc4 Rge8 33. Rxg7 Bxe4+
34. Kh2 Qd6 35. Qxd6 Rxd6 36. Rxa7 Bxf5 37. Rxh6 Rf8 38. Kg3 Be4 39. Kf4 Bc2
40. Rb7 Re8 41. Rf7 Rxd4+ 42. cxd4 Re4+ 43. Kf3 Rxd4 44. Rc7 Bb1 45. Ke3 Rd6
46. h4 Bf5 47. h5 Rd7 48. Rxd7 Bxd7 49. Bd3 f5 50. Rxb6 Nf8 51. Rb8 Kg7 52. h6+
Kf7 53. Bc4+ Ke7 54. Kf4 Ng6+ 55. Kg5 Nf8 56. Rxf8 1-0

[Event "Laval op"]
[Site "Laval CAN"]
[Date "2016.06.23"]
[Round "1.1"]
[White "Pomerantz, Daniel"]
[Black "Chiku-Ratte, Olivier-Kenta"]
[Result "0-1"]
[WhiteElo "1933"]
[BlackElo "2369"]
[PlyCount "76"]
[EventDate "2016.06.23"]
[EventType "swiss"]
[EventRounds "7"]
[EventCountry "CAN"]

1. e4 c5 2. Nf3 e6 3. d4 cxd4 4. Nxd4 a6 5. Bd3 Bc5 6. Nb3 Be7 7. O-O d6 8. c4
Nf6 9. Nc3 O-O 10. Qe2 Qc7 11. f4 Nc6 12. Bd2 b6 13. Rae1 Bb7 14. Rf3 Nd7 15.
Rh3 Rfe8 16. e5 g6 17. exd6 Bxd6 18. Ne4 Bxf4 19. Bxf4 Qxf4 20. Rf1 Qe5 21. Qd2
f5 22. Ng5 Re7 23. Re1 Qf6 24. Qf4 e5 25. Qh4 e4 26. c5 Nce5 27. Bc2 bxc5 28.
Na5 Bd5 29. Rd1 Nb6 30. Rf1 Rf8 31. Qf4 Ng4 32. Rg3 Kg7 33. Nxh7 Qd4+ 34. Kh1
Rh8 35. h3 Kxh7 36. hxg4 Kg7+ 37. Rh3 Rxh3+ 38. gxh3 e3+ 0-1

[Event "Laval op"]
[Site "Laval CAN"]
[Date "2016.06.24"]
[Round "2.1"]
[White "Chiku-Ratte, Olivier-Kenta"]
[Black "Johnson, Nicholas"]
[Result "1-0"]
[WhiteElo "2369"]
[BlackElo "1992"]
[PlyCount "79"]
[EventDate "2016.06.23"]
[EventType "swiss"]
[EventRounds "7"]
[EventCountry "CAN"]

1. d4 e6 2. c4 f5 3. g3 Nf6 4. Bg2 d5 5. Qc2 c6 6. Nh3 Bd6 7. O-O O-O 8. Bf4
Be7 9. Bxb8 Rxb8 10. Nf4 Bd6 11. Nd3 Bd7 12. Nd2 Be8 13. Nf3 Bh5 14. Nfe5 g5
15. Rfe1 Nd7 16. Qa4 Bxe5 17. dxe5 Nb6 18. Qxa7 Nxc4 19. b3 Nb6 20. Nc5 Re8 21.
Qa5 Bf7 22. Qc3 Nd7 23. Nd3 Bg6 24. b4 Qc7 25. f4 gxf4 26. gxf4 Bh5 27. Rac1
Kh8 28. Kh1 Rg8 29. b5 Rbc8 30. Bxd5 exd5 31. e6+ Rg7 32. exd7 Qxd7 33. Qd4 Qd6
34. bxc6 bxc6 35. Rg1 Rcg8 36. Rg3 Bxe2 37. Ne5 Qe7 38. Rxc6 Qa7 39. Ng6+ hxg6
40. Rh3+ 1-0

[Event "Montreal CC-ch"]
[Site "Montreal CAN"]
[Date "2016.06.10"]
[Round "1.1"]
[White "Turgeon, Yoakim"]
[Black "Chiku-Ratte, Olivier-Kenta"]
[Result "0-1"]
[WhiteElo "1610"]
[BlackElo "2409"]
[PlyCount "58"]
[EventDate "2016.06.10"]
[EventType "swiss"]
[EventRounds "5"]
[EventCountry "CAN"]

1. d4 Nf6 2. e3 c5 3. c3 b6 4. f4 Bb7 5. Nf3 d6 6. Bb5+ Nbd7 7. O-O g6 8. dxc5
bxc5 9. Re1 Bg7 10. Nbd2 O-O 11. e4 Qb6 12. Bxd7 Nxd7 13. Qb3 Qc7 14. Nc4 Nf6
15. e5 Nh5 16. exd6 exd6 17. Qd1 Rad8 18. g3 Nf6 19. Ne3 Qc6 20. Rf1 Ne4 21. c4
Nf6 22. Rb1 d5 23. Ne5 Qc7 24. Qa4 d4 25. N3g4 Nxg4 26. Nxg4 Ba8 27. Bd2 Qb7
28. Kf2 Qg2+ 29. Ke1 Rfe8+ 0-1

[Event "Montreal CC-ch"]
[Site "Montreal CAN"]
[Date "2016.06.11"]
[Round "2.1"]
[White "Chiku-Ratte, Olivier-Kenta"]
[Black "Nardone, Raul"]
[Result "1-0"]
[WhiteElo "2409"]
[BlackElo "1817"]
[PlyCount "73"]
[EventDate "2016.06.10"]
[EventType "swiss"]
[EventRounds "5"]
[EventCountry "CAN"]

1. d4 Nf6 2. c4 e6 3. Nc3 Bb4 4. f3 d5 5. a3 Bxc3+ 6. bxc3 c5 7. cxd5 Nxd5 8.
dxc5 Qa5 9. e4 Nf6 10. Be3 O-O 11. Qb3 Nfd7 12. Bb5 Qc7 13. Qb4 b6 14. cxb6
axb6 15. Ne2 Nc5 16. O-O Bb7 17. Rab1 Nba6 18. Qb2 Rfd8 19. Rfd1 Rxd1+ 20. Rxd1
Rd8 21. Qc2 Rxd1+ 22. Qxd1 h6 23. Nd4 Qd6 24. Qc2 Nc7 25. Be2 Ba6 26. c4 Bc8
27. a4 Bd7 28. Nb5 Qc6 29. Bf4 Ne8 30. Bd1 Nb7 31. Be3 Nc5 32. Qd2 Nb7 33. Qd4
Nbd6 34. Be2 Nc8 35. c5 bxc5 36. Qxc5 Qa8 37. Qb4 1-0

[Event "Montreal CC-ch"]
[Site "Montreal CAN"]
[Date "2016.06.11"]
[Round "3.1"]
[White "Durette, Francis"]
[Black "Chiku-Ratte, Olivier-Kenta"]
[Result "0-1"]
[WhiteElo "1963"]
[BlackElo "2409"]
[PlyCount "64"]
[EventDate "2016.06.10"]
[EventType "swiss"]
[EventRounds "5"]
[EventCountry "CAN"]

1. e4 c5 2. Nf3 e6 3. d4 cxd4 4. Nxd4 a6 5. c4 Nf6 6. Nc3 Qc7 7. Be3 Bb4 8. f3
Bxc3+ 9. bxc3 d6 10. Be2 O-O 11. O-O Nbd7 12. Nb3 b6 13. Rb1 Bb7 14. Bf4 Ne5
15. Nd2 Nfd7 16. Be3 Nc5 17. Qc2 d5 18. cxd5 exd5 19. c4 dxe4 20. Nxe4 Bxe4 21.
fxe4 Rfe8 22. Rfd1 a5 23. Rd5 Rab8 24. Rbd1 Nc6 25. Bxc5 bxc5 26. Rh5 Nd4 27.
Qd3 Rb2 28. Bf3 Rxa2 29. Rf1 g6 30. Rd5 Qe7 31. h3 a4 32. e5 Qh4 0-1

[Event "Montreal CC-ch"]
[Site "Montreal CAN"]
[Date "2016.06.12"]
[Round "4.1"]
[White "Chiku-Ratte, Olivier-Kenta"]
[Black "Gauthier, Denis"]
[Result "1-0"]
[WhiteElo "2409"]
[BlackElo "1982"]
[PlyCount "87"]
[EventDate "2016.06.10"]
[EventType "swiss"]
[EventRounds "5"]
[EventCountry "CAN"]

1. d4 Nf6 2. c4 e6 3. Nc3 Bb4 4. f3 d5 5. a3 Bxc3+ 6. bxc3 c5 7. cxd5 Nxd5 8.
dxc5 f5 9. Nh3 Qa5 10. Nf4 Qxc3+ 11. Bd2 Qe5 12. g3 Nc6 13. Nd3 Qd4 14. Qc1 O-O
15. e3 Qf6 16. Be2 e5 17. O-O Be6 18. Rb1 Rab8 19. e4 Nd4 20. Qd1 Ne7 21. f4
Nec6 22. fxe5 Nxe5 23. Bf4 Nc4 24. g4 Rbd8 25. gxf5 Nxe2+ 26. Qxe2 Qd4+ 27. Nf2
Qxc5 28. Rxb7 Na5 29. Rc7 Qb6 30. Rfc1 Bd7 31. Be5 Rfe8 32. Bb2 Nc6 33. R1xc6
Bxc6 34. Rxg7+ Kf8 35. Qh5 Re7 36. Qg4 Ke8 37. Rg8+ Kd7 38. f6+ Re6 39. Rxd8+
Qxd8 40. f7 Qe7 41. Nd3 Bxe4 42. Ne5+ Kc7 43. Qxe4 Qxf7 44. Qc4+ 1-0

[Event "Montreal CC-ch"]
[Site "Montreal CAN"]
[Date "2016.06.12"]
[Round "5.1"]
[White "Leveille, Francois"]
[Black "Chiku-Ratte, Olivier-Kenta"]
[Result "1-0"]
[WhiteElo "2351"]
[BlackElo "2409"]
[PlyCount "169"]
[EventDate "2016.06.10"]
[EventType "swiss"]
[EventRounds "5"]
[EventCountry "CAN"]

1. Nf3 c5 2. c3 Nf6 3. d4 b6 4. Bf4 Bb7 5. e3 g6 6. Nbd2 Bg7 7. Bd3 O-O 8. O-O
d6 9. Qb1 Nbd7 10. h3 Re8 11. e4 cxd4 12. cxd4 Rc8 13. Be3 e5 14. d5 Qe7 15.
Re1 Rc7 16. a4 Nh5 17. a5 Rec8 18. axb6 axb6 19. Bb5 Nf4 20. Ra7 Qd8 21. g3
Nxd5 22. Rxb7 Rxb7 23. exd5 Rbb8 24. Ne4 Nc5 25. b4 Nxe4 26. Qxe4 f5 27. Qb1 h6
28. Bc6 Rc7 29. Nd2 Rf7 30. f4 g5 31. Kh2 gxf4 32. gxf4 Qh4 33. Nf3 Qh5 34. Rf1
Kh7 35. Qd1 Qg6 36. Rg1 Qf6 37. Rg2 Re7 38. Bf2 Qf7 39. Nh4 exf4 40. Rg6 f3 41.
Qxf3 Be5+ 42. Kh1 Rg8 43. Rxg8 Kxg8 44. Nxf5 Kf8 45. Bxb6 Bc3 46. Qf4 Bd2 47.
Qf2 Re5 48. Nxd6 Qxf2 49. Bxf2 Bxb4 50. Nc4 Re4 51. Ne3 Bd2 52. Nf1 Be1 53.
Bc5+ Kg7 54. Bd7 Rc4 55. Be3 Rc2 56. Bf5 Ra2 57. Be6 Bb4 58. Bd4+ Kg6 59. Be5
Re2 60. Bc7 Kg5 61. Ng3 Re1+ 62. Kg2 Rd1 63. Kf3 Kf6 64. Ne4+ Ke7 65. Be5 Ba3
66. Bf6+ Kf8 67. Kg4 Re1 68. Kf5 Bb4 69. d6 Rd1 70. d7 Ba5 71. Kg6 Bc7 72. Bg4
Rd5 73. Bg7+ Ke7 74. Bxh6 Rd4 75. Bg5+ Kf8 76. Nc5 Kg8 77. Be7 Be5 78. d8=Q+
Rxd8 79. Bxd8 Bd4 80. Be7 Be5 81. Ne4 Bd4 82. Ng5 Bc3 83. Be6+ Kh8 84. Nf7+ Kg8
85. Ne5+ 1-0

[Event "Ligue elite du dimanche Finales"]
[Site "Montreal CAN"]
[Date "2016.05.28"]
[Round "1"]
[White "Chiku-Ratte, Olivier-Kenta"]
[Black "Sprumont, Oscar"]
[Result "1-0"]
[WhiteElo "2409"]
[BlackElo "2148"]
[PlyCount "73"]
[EventDate "2016.05.28"]
[EventType "team"]
[EventRounds "1"]
[EventCountry "CAN"]

1. d4 Nf6 2. c4 g6 3. Nc3 d5 4. cxd5 Nxd5 5. e4 Nxc3 6. bxc3 Bg7 7. Nf3 c5 8.
Rb1 O-O 9. Be2 cxd4 10. cxd4 Qa5+ 11. Bd2 Qxa2 12. O-O Bg4 13. Bg5 h6 14. Bh4
g5 15. Bg3 Nc6 16. d5 Na5 17. Re1 Bc3 18. Ne5 Bxe2 19. Rxe2 Qa3 20. Re3 Rac8
21. Ng4 Kh7 22. Qf3 Qa2 23. Rf1 Bg7 24. Qf5+ Kg8 25. Be5 Nc4 26. Bxg7 Nxe3 27.
Nxe3 Kxg7 28. Qe5+ Kh7 29. Nf5 Rg8 30. Qxe7 Rcf8 31. Qxb7 a5 32. Qc7 Rg6 33. d6
Qe6 34. d7 Qxe4 35. d8=Q Rxd8 36. Qxf7+ Kh8 37. Qxg6 1-0

[Event "McGill op"]
[Site "Montreal CAN"]
[Date "2016.04.29"]
[Round "1.2"]
[White "Chiku-Ratte, Olivier-Kenta"]
[Black "Trahan, Daniel"]
[Result "1-0"]
[WhiteElo "2343"]
[BlackElo "2012"]
[PlyCount "55"]
[EventDate "2016.04.28"]
[EventType "swiss"]
[EventRounds "5"]
[EventCountry "CAN"]

1. d4 Nf6 2. c4 e6 3. Nc3 Bb4 4. f3 O-O 5. a3 Bxc3+ 6. bxc3 d5 7. e3 c5 8. Bd3
Qc7 9. Qc2 dxc4 10. Bxc4 Bd7 11. Bd2 Nc6 12. Ba2 Na5 13. Qd3 e5 14. Rc1 c4 15.
Qc2 Rfe8 16. e4 b5 17. Ne2 Nc6 18. O-O Qd6 19. Qb2 a6 20. Be3 Nh5 21. Rcd1 Qf6
22. Qd2 exd4 23. cxd4 Qe7 24. Nc3 Qxa3 25. g4 Nf6 26. e5 Bxg4 27. exf6 Bh3 28.
Rfe1 1-0

[Event "McGill op"]
[Site "Montreal CAN"]
[Date "2016.04.30"]
[Round "2.1"]
[White "Masse, Hugues"]
[Black "Chiku-Ratte, Olivier-Kenta"]
[Result "0-1"]
[WhiteElo "2212"]
[BlackElo "2343"]
[PlyCount "110"]
[EventDate "2016.04.28"]
[EventType "swiss"]
[EventRounds "5"]
[EventCountry "CAN"]

1. d4 Nf6 2. c4 c5 3. d5 e6 4. Nc3 exd5 5. cxd5 d6 6. e4 g6 7. Bd3 Bg7 8. h3 a6
9. a4 Nbd7 10. Nf3 Nh5 11. O-O Ne5 12. Be2 Nxf3+ 13. Bxf3 Qh4 14. Be3 Be5 15.
Bxh5 gxh5 16. f4 Rg8 17. fxe5 Rxg2+ 18. Kxg2 Bxh3+ 19. Kh2 Bg4+ 20. Kg2 Qh3+
21. Kf2 Qh2+ 22. Ke1 Bxd1 23. Rxd1 Qxe5 24. Bf4 Qf6 25. Kd2 O-O-O 26. Kc2 Rg8
27. Rf2 Qe7 28. Rdf1 Rg6 29. Bd2 f6 30. a5 h4 31. Rh1 Rg4 32. Rh3 Qg7 33. Rhh2
Qg6 34. Kb3 Kd7 35. Be3 Ke7 36. Bf4 Qh5 37. Rh3 Qe8 38. Bd2 Qg6 39. Rhh2 Qg7
40. Bf4 Qg8 41. Bd2 Qc8 42. Rf5 Rxe4 43. Rhf2 Rb4+ 44. Kc2 Qg8 45. Rxf6 Rg4 46.
Re6+ Kd7 47. Bf4 Rg2 48. Rxd6+ Kc8 49. Rxg2 Qxg2+ 50. Kb3 Qf2 51. Bg5 h3 52.
Rd8+ Kc7 53. d6+ Kc6 54. Be7 c4+ 55. Kxc4 Qf5 0-1

[Event "McGill op"]
[Site "Montreal CAN"]
[Date "2016.04.30"]
[Round "3.1"]
[White "Chiku-Ratte, Olivier-Kenta"]
[Black "Kleinman, Michael"]
[Result "1/2-1/2"]
[WhiteElo "2343"]
[BlackElo "2283"]
[PlyCount "132"]
[EventDate "2016.04.28"]
[EventType "swiss"]
[EventRounds "5"]
[EventCountry "CAN"]

1. d4 Nf6 2. c4 g6 3. Nc3 d5 4. cxd5 Nxd5 5. e4 Nxc3 6. bxc3 Bg7 7. Nf3 c5 8.
Rb1 O-O 9. Be2 cxd4 10. cxd4 Qa5+ 11. Bd2 Qxa2 12. O-O Bg4 13. Be3 Nc6 14. d5
Na5 15. h3 Bxf3 16. Bxf3 b6 17. Qe2 Qa3 18. Qa6 Rfc8 19. Bg4 Rc3 20. Bd2 Nc4
21. Qb7 Nxd2 22. Qxa8+ Bf8 23. Ra1 Qc5 24. d6 exd6 25. Rfd1 Rc2 26. Rxa7 b5 27.
Rd7 Nc4 28. Rf1 Nb6 29. Qb7 Nxd7 30. Bxd7 b4 31. Ba4 Rc3 32. Rd1 Rc1 33. Rxc1
Qxc1+ 34. Kh2 Qf4+ 35. Kg1 h5 36. g3 Qf3 37. Bc6 Bg7 38. e5 Qd1+ 39. Kg2 dxe5
40. Bd5 Kh7 41. Qxf7 Kh6 42. Be4 Qd6 43. h4 Qb6 44. Qe7 Bf6 45. Qf7 Bg7 46. Qb3
Qd4 47. Qb1 Bf8 48. Qc1+ Kg7 49. Qc6 Qd6 50. Qb7+ Kh6 51. Qf7 Bg7 52. Qb3 Bf8
53. Qf7 Bg7 54. Qa7 Qd4 55. Qa8 Qd6 56. Qa1 Qd4 57. Qc1+ Kh7 58. Qc6 Bf6 59.
Qc2 b3 60. Bxg6+ Kh6 61. Qf5 Qg4 62. Qxf6 Qxg6 63. Qh8+ Qh7 64. Qf6+ Qg6 65.
Qh8+ Qh7 66. Qf6+ Qg6 1/2-1/2